| 000 | 01158nam a2200301 i 4500 | ||
|---|---|---|---|
| 001 | bg | ||
| 003 | KOSZ 005 | ||
| 005 | 20200630132822.0 | ||
| 008 | 071216s1965 pl a f f 000 0 pol | ||
| 015 | _aPB 1966/2417 | ||
| 040 |
_aWA N _cKOSZ 005/RW _dKOSZ 005/RW |
||
| 080 | _a371 | ||
| 245 | 0 | 0 |
_aZarys pedagogiki : _bpraca zbiorowa. _nT. 1, _pWprowadzenie / _c[napisali Tadeusz Dowjat et al.] ; pod red. Bogdana Suchodolskiego. |
| 250 | _aWyd. 4. | ||
| 260 |
_aWarszawa : _bPaństwowe Wydawnictwo Naukowe, _c1965. |
||
| 300 |
_a598, [2] s. : _bil. ; _c23 cm. |
||
| 380 | _aKsiążki. | ||
| 490 | 1 | _aPrace Instytutu Nauk Pedagogicznych Uniwersytetu Warszawskiego. | |
| 504 | _aBibliogr. przy rozdz. | ||
| 655 | 4 | _aPodręczniki akademickie | |
| 650 | 4 | _aPedagogika | |
| 700 | 1 | _aDowjat, Tadeusz. | |
| 700 | 1 |
_aSuchodolski, Bogdan _d(1903-1992) _eRedakcja |
|
| 710 | 2 |
_aPaństwowe Wydawnictwo Naukowe _4pbl. |
|
| 830 | 0 | _aPrace Instytutu Nauk Pedagogicznych Uniwersytetu Warszawskiego. | |
| 856 |
_uhttp://koha.tu.koszalin.pl/cgi-bin/koha/opac-detail.pl?biblionumber=10953 _yKatalog online BPK |
||
| 942 |
_2UKD _cKS |
||
| 999 |
_c10953 _d10953 |
||